LEADER 01731nam2 2200373 i 450 001 VAN0124416 005 20230518123507.523 017 70$2N$a9783319491240 100 $a20191016d2017 |0itac50 ba 101 $aeng 102 $aCH 105 $a|||| ||||| 200 0 $a2$fWilliam Lubell editor 210 $aCham$cSpringer$d2017 215 $aXIII, 256 p.$cill.$d24 cm 410 1$1001VAN0123329$12001 $aTopics in Heterocyclic Chemistry$1210 $aCham$cSpringer$v49 461 1$1001VAN0123682$12001 $aPeptidomimetics$fWilliam D. Lubell editor$1210 $aCham$cSpringer$d2017$1215 $avoll.$d24 cm$v2 620 $aCH$dCham$3VANL001889 676 $a660.63$cBiochimica industriale. Ingegneria biochimica$v22 676 $a540$cChimica generale$v22 676 $a547$cChimica organica$v22 676 $a615.19$cChimica farmaceutica. Tecnologia farmaceutica. Chimica medica$v22 702 1$aLubell$bWilliam D.$3VANV095145 712 $aSpringer $3VANV108073$4650 790 1$aLubell, W. D.$zLubell, William D.$3VANV103566 790 1$aLubell, W.D.$zLubell, William D.$3VANV212370 801 $aIT$bSOL$c20240614$gRICA 856 4 $uhttp://link.springer.com/openurl?genre=book&isbn=978-3-319-49124-0$zE-book - Accesso al full-text attraverso riconoscimento IP di Ateneo, proxy e/o Shibboleth 899 $aBIBLIOTECA DEL DIPARTIMENTO DI SCIENZE E TECNOLOGIE AMBIENTALI BIOLOGICHE E FARMACEUTICHE$1IT-CE0101$2VAN17 912 $fN 912 $aVAN0124416 950 $aBIBLIOTECA DEL DIPARTIMENTO DI SCIENZE E TECNOLOGIE AMBIENTALI BIOLOGICHE E FARMACEUTICHE$d17CONS e-book 2111 $e17BIB2111/283 283 20191016 996 $a2$961340 997 $aUNICAMPANIA LEADER 01322nam2 2200325 i 450 001 VAN00055928 005 20250306024606.552 010 $a88-371-0424-3 010 $a978-88-371-0424-5 100 $a20061114d1989 |0itac50 ba 101 $aita 102 $aIT 105 $a|||| ||||| 200 0 $a2$fGiorgio Ferrarese, Luigi Stazi 205 $a2. ed 210 $aBologna$cPitagora$d1989 215 $aP. IX, 344-654$cill.$d24 cm 461 1$1001VAN00055916$12001 $aLezioni di meccanica razionale$fGiorgio Ferrarese, Luigi Stazi$1205 $a2. ed$1210 $aBologna$cPitagora$1215 $avolumi$d24 cm$v2 606 $a70-XX$xMechanics of particles and systems [MSC 2020]$3VANC021390$2MF 620 $dBologna$3VANL000003 700 1$aFerrarese$bGiorgio$3VANV044417$042165 701 1$aStazi$bLuigi$3VANV044418$0344835 712 $aPitagora $3VANV108147$4650 801 $aIT$bSOL$c20250307$gRICA 856 4 $u/sebina/repository/catalogazione/documenti/ID 55928.pdf$zID 55928.pdf 899 $aBIBLIOTECA DEL DIPARTIMENTO DI MATEMATICA E FISICA$1IT-CE0120$2VAN08 912 $aVAN00055928 950 $aBIBLIOTECA DEL DIPARTIMENTO DI MATEMATICA E FISICA$d08PREST 70-XX 1365 $e08 2081 II 20061114 996 $a2$93870635 997 $aUNICAMPANIA